[Event "XLIV Festival A"]
[Site "Imperia ITA"]
[Date "2002.09.05"]
[Round "6"]
[White "Bizat, Michel"]
[Black "Alberton, Roberto"]
[WhiteElo "2111"]
[BlackElo "2123"]
[Result "0-1"]
[PlyCount "68"]
[EventDate "2002.09.01"]

1. e4 e6 2. d4 d5 3. e5 c5 4. c3 Qb6 5. Nf3 Bd7 6. a3 c4 7. Nbd2 Nc6 8. Be2 Na5
9. O-O h6 10. Qe1 Ba4 11. h4 h5 12. Ng5 Ne7 13. Bd1 Bxd1 14. Qxd1 Nf5 15. g3
Be7 16. Qa4+ Kf8 17. b4 cxb3 18. Nxb3 Nxb3 19. Rb1 Nc5 20. dxc5 Qxb1 21. Bf4
Qd3 22. Qd7 Qa6 23. Rb1 Qc6 24. Qxb7 Qxb7 25. Rxb7 Kg8 26. c6 Bxg5 27. Bxg5 Rc8
28. c7 Kh7 29. Rxa7 Kg6 30. a4 Rhe8 31. a5 f6 32. exf6 gxf6 33. Rb7 Re7 34. Bf4
e5 0-1

[Event "XLIV Festival A"]
[Site "Imperia ITA"]
[Date "2002.09.05"]
[Round "6"]
[White "Cirabisi, Federico"]
[Black "Krouzel, Jaroslav"]
[WhiteElo "2132"]
[BlackElo "2220"]
[Result "1-0"]
[PlyCount "53"]
[EventDate "2002.09.01"]

1. e4 e6 2. Nf3 d5 3. e5 c5 4. b4 cxb4 5. a3 Nc6 6. axb4 Bxb4 7. c3 Bf8 8. d4
f5 9. Bd3 Nge7 10. Na3 Ng6 11. h4 Be7 12. Nb5 a6 13. Bg5 Kd7 14. g4 fxg4 15.
Bxe7 Ncxe7 16. Ng5 h5 17. Qa4 Nf4 18. Bc2 Rf8 19. Qa3 Qb6 20. O-O Kd8 21. Nd6
Qc6 22. Ngf7+ Rxf7 23. Nxf7+ Ke8 24. Ba4 b5 25. Nd6+ Kf8 26. Bxb5 Qxc3 27. Qxc3
1-0

[Event "XLIV Festival A"]
[Site "Imperia ITA"]
[Date "2002.09.05"]
[Round "6"]
[White "De Wachter, Matthias"]
[Black "Svacina, Petr"]
[WhiteElo "2247"]
[BlackElo "2029"]
[Result "1-0"]
[PlyCount "63"]
[EventDate "2002.09.01"]

1. d4 Nf6 2. c4 d6 3. Nf3 Nbd7 4. Nc3 e5 5. e4 c6 6. Be2 Qc7 7. h3 Be7 8. Be3
a6 9. a4 a5 10. O-O O-O 11. Qc2 Re8 12. d5 c5 13. Kh2 Nf8 14. Nh4 Ng6 15. Nf5
Bf8 16. g3 b6 17. h4 h5 18. Bg5 Nh7 19. Bxh5 Nxg5 20. hxg5 Ne7 21. Nb5 Qd7 22.
Bg4 Nxf5 23. Bxf5 Qe7 24. Bxc8 Raxc8 25. Qd2 g6 26. Kg2 Qd8 27. Rae1 Be7 28. f4
Kg7 29. Na7 Rc7 30. Nc6 Qd7 31. fxe5 Rh8 32. Nxe7 1-0

[Event "XLIV Festival A"]
[Site "Imperia ITA"]
[Date "2002.09.05"]
[Round "6"]
[White "Gross, Stefan"]
[Black "Pesout, Jan"]
[WhiteElo "2351"]
[BlackElo "2277"]
[Result "1/2-1/2"]
[PlyCount "55"]
[EventDate "2002.09.01"]

1. Nf3 c5 2. c4 Nc6 3. Nc3 g6 4. e3 d6 5. d4 Bg7 6. d5 Ne5 7. Nxe5 dxe5 8. e4
Nf6 9. Be2 O-O 10. Be3 b6 11. a3 Bd7 12. b4 Rc8 13. O-O Ne8 14. Na4 cxb4 15.
axb4 Nd6 16. c5 Bxa4 17. Qxa4 Nxe4 18. Ba6 Rb8 19. cxb6 axb6 20. Qc6 Qd6 21.
Bb7 Nf6 22. Qxd6 exd6 23. Bc6 Ng4 24. Ra7 Nxe3 25. fxe3 f5 26. Rd7 Rbd8 27.
Rxd8 Rxd8 28. Ra1 1/2-1/2

[Event "XLIV Festival A"]
[Site "Imperia ITA"]
[Date "2002.09.05"]
[Round "6"]
[White "Hrbolka, Ladislav jr"]
[Black "Dvorak, Tomas"]
[WhiteElo "2242"]
[BlackElo "2300"]
[Result "1/2-1/2"]
[PlyCount "37"]
[EventDate "2002.09.01"]

1. e4 c5 2. Nf3 d6 3. Bb5+ Nd7 4. d4 Ngf6 5. Nc3 a6 6. Bxd7+ Nxd7 7. O-O e6 8.
dxc5 Nxc5 9. Bg5 Qc7 10. Re1 f6 11. Bf4 e5 12. Nd5 Qc6 13. Be3 Be6 14. Bxc5
Bxd5 15. Qxd5 Qxd5 16. exd5 dxc5 17. a4 b6 18. c4 Kd7 19. Nd2 1/2-1/2

[Event "XLIV Festival A"]
[Site "Imperia ITA"]
[Date "2002.09.05"]
[Round "6"]
[White "Jirovsky, Milos"]
[Black "Payen, Arnaud"]
[WhiteElo "2464"]
[BlackElo "2359"]
[Result "1/2-1/2"]
[PlyCount "32"]
[EventDate "2002.09.01"]

1. c4 e5 2. g3 Nf6 3. Bg2 d5 4. cxd5 Nxd5 5. Nc3 Nb6 6. d3 Be7 7. Be3 O-O 8.
Rc1 Re8 9. Nf3 Nc6 10. O-O Bf8 11. Na4 Nd4 12. Nc5 Nf5 13. Bd2 a5 14. Na4 c6
15. Bc3 Nd4 16. Nxb6 Nxf3+ 1/2-1/2

[Event "XLIV Festival A"]
[Site "Imperia ITA"]
[Date "2002.09.05"]
[Round "6"]
[White "Jurek, Josef"]
[Black "Delchev, Aleksander"]
[WhiteElo "2357"]
[BlackElo "2557"]
[Result "1/2-1/2"]
[PlyCount "58"]
[EventDate "2002.09.01"]

1. Nf3 g6 2. d4 Bg7 3. c4 Nf6 4. g3 O-O 5. Bg2 c6 6. O-O d6 7. Nc3 Qa5 8. h3
Be6 9. d5 cxd5 10. Nd4 Bd7 11. Nb3 Qa6 12. cxd5 Rc8 13. e4 Be8 14. Be3 Nbd7 15.
Re1 Ne5 16. Bf1 Nc4 17. Bd4 Nh5 18. Bxg7 Nxg7 19. Qd4 Qb6 20. Bxc4 Qxd4 21.
Nxd4 Rxc4 22. Nce2 Bd7 23. Kg2 Rac8 24. Rac1 Ne8 25. Rxc4 Rxc4 26. Rc1 Ra4 27.
a3 e5 28. dxe6 fxe6 29. f3 Ra5 1/2-1/2

[Event "XLIV Festival A"]
[Site "Imperia ITA"]
[Date "2002.09.05"]
[Round "6"]
[White "Lacrosse, Marc"]
[Black "Faraci, Antonino"]
[WhiteElo "2244"]
[BlackElo "2087"]
[Result "1-0"]
[PlyCount "65"]
[EventDate "2002.09.01"]

1. d4 Nf6 2. c4 g6 3. Nc3 Bg7 4. e4 d6 5. Nf3 O-O 6. Be2 e5 7. dxe5 dxe5 8.
Qxd8 Rxd8 9. Bg5 Re8 10. Nd5 Nxd5 11. cxd5 Bf8 12. O-O Bg4 13. Rac1 Bd6 14. Bb5
Bd7 15. Bxd7 Nxd7 16. Nd2 f6 17. Be3 Rec8 18. Rc2 Kf7 19. Rfc1 Ke7 20. Kf1 a5
21. Ke2 a4 22. Nc4 Rcb8 23. f3 b5 24. Nxd6 cxd6 25. Rc6 a3 26. b3 b4 27. Kd3
Rb5 28. Rc8 Rbb8 29. R8c7 Rb5 30. R1c6 Kd8 31. Kc4 Rbb8 32. Ba7 Rxa7 33. Rxa7
1-0

[Event "XLIV Festival A"]
[Site "Imperia ITA"]
[Date "2002.09.05"]
[Round "6"]
[White "Machalek, Bedrich"]
[Black "Basso, Fabrice"]
[WhiteElo "2032"]
[BlackElo "2207"]
[Result "0-1"]
[PlyCount "58"]
[EventDate "2002.09.01"]

1. e4 c5 2. c3 d5 3. e5 Bf5 4. d4 e6 5. Be3 cxd4 6. cxd4 Qb6 7. Qa4+ Nc6 8. Bb5
Nge7 9. Nd2 a6 10. Bxc6+ Nxc6 11. Qb3 Bb4 12. Ngf3 a5 13. O-O a4 14. Qd1 Bd3
15. Re1 O-O 16. Kh1 Ba5 17. Rg1 Qxb2 18. Nf1 Bc2 19. Qc1 Bc3 20. Qxb2 Bxb2 21.
Re1 a3 22. Bd2 Nxd4 23. Nxd4 Bxd4 24. Ne3 Rfc8 25. Rc1 Be4 26. f4 Bb2 27. Rxc8+
Rxc8 28. Rd1 d4 29. Ng4 Bd5 0-1

[Event "XLIV Festival A"]
[Site "Imperia ITA"]
[Date "2002.09.05"]
[Round "6"]
[White "Mozny, Milos"]
[Black "Campora Sivori, Daniel Hugo"]
[WhiteElo "2394"]
[BlackElo "2522"]
[Result "1/2-1/2"]
[PlyCount "23"]
[EventDate "2002.09.01"]

1. d4 Nf6 2. Nf3 e6 3. c4 b6 4. g3 Ba6 5. Qc2 Be7 6. Bg2 O-O 7. O-O d5 8. cxd5
exd5 9. Nc3 Re8 10. Rd1 Bb7 11. Ne5 c6 12. e4 1/2-1/2

[Event "XLIV Festival A"]
[Site "Imperia ITA"]
[Date "2002.09.05"]
[Round "6"]
[White "Poesson, Thierry"]
[Black "Lukes, Ladislav"]
[WhiteElo "2084"]
[BlackElo "2143"]
[Result "1-0"]
[PlyCount "61"]
[EventDate "2002.09.01"]

1. d4 Nf6 2. Nf3 d5 3. c4 e6 4. Nc3 Nbd7 5. cxd5 exd5 6. Bg5 Be7 7. Qc2 O-O 8.
e3 Re8 9. h3 c6 10. Bd3 Nf8 11. Bf4 Ng6 12. Bh2 Bd6 13. Bxd6 Qxd6 14. O-O Nf8
15. a3 a6 16. b4 b5 17. Rfb1 Rb8 18. a4 N8d7 19. axb5 axb5 20. Nd2 Nb6 21. Nb3
Nc4 22. Nc5 g6 23. Ra7 Bd7 24. Rba1 Kg7 25. e4 dxe4 26. N3xe4 Rxe4 27. Bxe4 Re8
28. Nxd7 Nxe4 29. Ne5 Nxe5 30. Qxe4 Qxb4 31. Qe3 1-0

[Event "XLIV Festival A"]
[Site "Imperia ITA"]
[Date "2002.09.05"]
[Round "6"]
[White "Poloch, Petr"]
[Black "Kozak, Milos"]
[WhiteElo "2292"]
[BlackElo "2215"]
[Result "1/2-1/2"]
[PlyCount "62"]
[EventDate "2002.09.01"]

1. e4 e5 2. Nf3 Nc6 3. Bb5 a6 4. Bxc6 dxc6 5. O-O f6 6. d4 exd4 7. Nxd4 c5 8.
Ne2 Qxd1 9. Rxd1 Bd7 10. Be3 O-O-O 11. Nbc3 Bd6 12. Rd2 Ne7 13. Bf4 Bxf4 14.
Nxf4 Bg4 15. Rxd8+ Rxd8 16. f3 Bd7 17. Rd1 b6 18. Kf2 Nc6 19. Nh5 Rg8 20. Nd5
Be8 21. Ng3 Bd7 22. Nh5 Be8 23. g4 Bxh5 24. gxh5 Rf8 25. f4 Rf7 26. c3 f5 27.
e5 Nd8 28. Kf3 Ne6 29. Ne3 h6 30. Rg1 Kd7 31. a4 a5 1/2-1/2

[Event "XLIV Festival A"]
[Site "Imperia ITA"]
[Date "2002.09.05"]
[Round "6"]
[White "Sejkora, Vlastimil"]
[Black "Biolek, Richard sr"]
[WhiteElo "2255"]
[BlackElo "2434"]
[Result "0-1"]
[PlyCount "98"]
[EventDate "2002.09.01"]

1. e4 e5 2. Nf3 Nc6 3. Bb5 Nf6 4. O-O Nxe4 5. Qe2 Nd6 6. Bxc6 dxc6 7. Qxe5+ Qe7
8. Re1 Qxe5 9. Nxe5 Be6 10. d3 Be7 11. Nc3 Bf6 12. Bf4 O-O-O 13. h3 Rhe8 14. a4
Bxe5 15. Bxe5 f6 16. Bxd6 cxd6 17. b4 Bf7 18. Reb1 Re7 19. Kf1 Rde8 20. b5 c5
21. a5 Kd7 22. a6 b6 23. Re1 d5 24. Rxe7+ Rxe7 25. Re1 Rxe1+ 26. Kxe1 Kd6 27.
Na4 d4 28. Ke2 Ke5 29. c4 dxc3 30. Nxc3 g5 31. g3 Be6 32. Ke3 Bxh3 33. f4+
gxf4+ 34. gxf4+ Kd6 35. Ne4+ Ke7 36. d4 cxd4+ 37. Kxd4 Bf1 38. Nc3 Bg2 39. Nd1
Bf3 40. Ne3 Ke6 41. f5+ Ke7 42. Kd3 h5 43. Nc2 Kd6 44. Ke3 Bd5 45. Kd4 h4 46.
Ne3 h3 47. Nf1 Bf3 48. Ke3 Bg2 49. Nh2 Ke5 0-1

[Event "XLIV Festival A"]
[Site "Imperia ITA"]
[Date "2002.09.05"]
[Round "6"]
[White "Sulava, Nenad"]
[Black "Djingarova, Emilia"]
[WhiteElo "2556"]
[BlackElo "2292"]
[Result "1/2-1/2"]
[PlyCount "65"]
[EventDate "2002.09.01"]

1. c4 g6 2. Nf3 Bg7 3. d4 d6 4. Nc3 Nf6 5. Bg5 h6 6. Bd2 O-O 7. g3 Nc6 8. d5
Na5 9. b3 c6 10. Bg2 cxd5 11. cxd5 b5 12. Nxb5 Nxd5 13. Rc1 Qb6 14. Nc3 Nxc3
15. Bxc3 Ba6 16. Bxg7 Kxg7 17. O-O Rac8 18. Qd2 Nc6 19. Rc3 Ne5 20. Rfc1 Rxc3
21. Rxc3 Qa5 22. Nxe5 Qxe5 23. h4 Rc8 24. Rxc8 Bxc8 25. e3 Qa1+ 26. Kh2 Be6 27.
f4 g5 28. hxg5 hxg5 29. Qa5 gxf4 30. gxf4 Qf6 31. Qh5 Bf5 32. Kg3 e5 33. Bf3
1/2-1/2

[Event "XLIV Festival A"]
[Site "Imperia ITA"]
[Date "2002.09.05"]
[Round "6"]
[White "Van Hoolandt, Patrick"]
[Black "Barlocco, Carlo"]
[WhiteElo "2163"]
[BlackElo "2136"]
[Result "1-0"]
[PlyCount "57"]
[EventDate "2002.09.01"]

1. c4 e6 2. Nf3 d5 3. b3 Nf6 4. g3 Be7 5. Bg2 c6 6. O-O O-O 7. e3 Nbd7 8. Bb2
b6 9. Qe2 Ba6 10. d3 Qc7 11. Nbd2 Rad8 12. Rac1 Rfe8 13. Rfd1 e5 14. cxd5 e4
15. Nxe4 Nxe4 16. Nd4 Nec5 17. Nxc6 Nf6 18. Nxd8 Qxd8 19. e4 Bd6 20. Qc2 Ncd7
21. d4 Bf8 22. e5 Ng4 23. h3 Nh6 24. Qc7 Qe7 25. d6 Qe6 26. d5 Qf5 27. e6 fxe6
28. Qxd7 Nf7 29. Qxe8 1-0

[Event "XLIV Festival A"]
[Site "Imperia ITA"]
[Date "2002.09.05"]
[Round "6"]
[White "Vrana, Frantisek"]
[Black "Hrbolka, Ladislav sr"]
[WhiteElo "2359"]
[BlackElo "2144"]
[Result "1-0"]
[PlyCount "51"]
[EventDate "2002.09.01"]

1. e4 c5 2. Nf3 Nc6 3. g3 e5 4. Bg2 g6 5. c3 Bg7 6. O-O Nge7 7. a3 O-O 8. b4 d6
9. h3 b6 10. b5 Na5 11. d4 exd4 12. cxd4 Bb7 13. Re1 Rc8 14. Ra2 a6 15. a4 axb5
16. axb5 Qd7 17. dxc5 Rxc5 18. Na3 Qe6 19. Rae2 Nc4 20. Nxc4 Qxc4 21. Qxd6 Re8
22. Qd7 Qxb5 23. Qxb7 Rxc1 24. Rxc1 Qxe2 25. Qd7 Kf8 26. Ng5 1-0

[Event "XLIV Festival A"]
[Site "Imperia ITA"]
[Date "2002.09.06"]
[Round "7"]
[White "Campora Perez, Daniel"]
[Black "Barberi, Alessandro"]
[WhiteElo "2136"]
[BlackElo "2094"]
[Result "1/2-1/2"]
[PlyCount "74"]
[EventDate "2002.09.01"]

1. e4 c5 2. Nf3 d6 3. d4 cxd4 4. Qxd4 Nc6 5. Bb5 Bd7 6. Bxc6 Bxc6 7. c4 Nf6 8.
Nc3 g6 9. O-O Bg7 10. Qd3 O-O 11. Nd4 Qb6 12. Rd1 Nd7 13. b3 Nc5 14. Qe3 a5 15.
Ba3 Rfe8 16. Rab1 Na6 17. Bb2 Nb4 18. a3 Na6 19. Nd5 Bxd5 20. exd5 Rac8 21. Qg3
Nc5 22. h4 e5 23. dxe6 fxe6 24. Nb5 Ne4 25. Qf4 Rf8 26. Qxe4 Qxf2+ 27. Kh1 Bxb2
28. Nxd6 Rf4 29. Qxe6+ Kg7 30. Qd7+ Kh6 31. Nf7+ Rxf7 32. Qxc8 Rf4 33. Rd3 Qc2
34. Rbd1 Rxh4+ 35. Kg1 Bxa3 36. R1d2 Qc1+ 37. Rd1 Qc2 1/2-1/2

[Event "XLIV Festival A"]
[Site "Imperia ITA"]
[Date "2002.09.06"]
[Round "7"]
[White "De Wachter, Matthias"]
[Black "Poloch, Petr"]
[WhiteElo "2247"]
[BlackElo "2292"]
[Result "1/2-1/2"]
[PlyCount "30"]
[EventDate "2002.09.01"]

1. d4 Nf6 2. c4 e6 3. Nc3 Bb4 4. e3 c5 5. Nge2 cxd4 6. exd4 O-O 7. a3 Be7 8.
Nf4 d5 9. cxd5 Nxd5 10. Ncxd5 exd5 11. Bd3 Bg5 12. O-O Bxf4 13. Bxf4 Qf6 14.
Be3 Bf5 15. Be2 Be4 1/2-1/2

[Event "XLIV Festival A"]
[Site "Imperia ITA"]
[Date "2002.09.06"]
[Round "7"]
[White "Delchev, Aleksander"]
[Black "Sejkora, Vlastimil"]
[WhiteElo "2557"]
[BlackElo "2255"]
[Result "1-0"]
[PlyCount "57"]
[EventDate "2002.09.01"]

1. c4 Nf6 2. Nc3 g6 3. e4 d6 4. d4 Bg7 5. Bd3 O-O 6. Nge2 Nc6 7. O-O e5 8. d5
Ne7 9. Ng3 h5 10. h3 h4 11. Nge2 Nh7 12. f4 exf4 13. Bxf4 g5 14. Be3 Ng6 15.
Nd4 Be5 16. Be2 Kg7 17. Bg4 Bxd4 18. Bxd4+ f6 19. Bf5 Qe7 20. Qh5 Qf7 21. c5
Bd7 22. Rac1 Bxf5 23. exf5 Nf4 24. Qf3 Rfe8 25. cxd6 cxd6 26. Rfe1 Nf8 27. Ne4
Nxd5 28. Nxg5 Qg8 29. Ne6+ 1-0

[Event "XLIV Festival A"]
[Site "Imperia ITA"]
[Date "2002.09.06"]
[Round "7"]
[White "Diana, Riccardo"]
[Black "Machalek, Bedrich"]
[WhiteElo "2134"]
[BlackElo "2032"]
[Result "0-1"]
[PlyCount "74"]
[EventDate "2002.09.01"]

1. e4 c5 2. c3 e6 3. d4 d5 4. exd5 Qxd5 5. Nf3 Nc6 6. Na3 a6 7. Nc2 Nf6 8. Bd3
cxd4 9. cxd4 Bd6 10. O-O Qh5 11. Be2 g5 12. Bxg5 Bxh2+ 13. Nxh2 Qxg5 14. f4 Qg7
15. Bf3 Rg8 16. Qe2 Kf8 17. Bxc6 bxc6 18. Rf2 Nd5 19. Qe5 Qxe5 20. fxe5 Rb8 21.
b3 a5 22. Na3 Ba6 23. Nc4 Bxc4 24. bxc4 Ne3 25. Rc1 Rb4 26. Nf1 Nf5 27. d5 Nd4
28. Nd2 cxd5 29. cxd5 exd5 30. Rc5 Rb5 31. Rxb5 Nxb5 32. e6 Rg7 33. Nb3 a4 34.
Nc5 a3 35. Rf3 Nd4 36. Rd3 Nxe6 37. Rxd5 Rxg2+ 0-1

[Event "XLIV Festival A"]
[Site "Imperia ITA"]
[Date "2002.09.06"]
[Round "7"]
[White "Dubois, Martine"]
[Black "Jasny, Stanislav"]
[WhiteElo "2049"]
[BlackElo "2290"]
[Result "0-1"]
[PlyCount "58"]
[EventDate "2002.09.01"]

1. e4 c5 2. c3 d5 3. exd5 Qxd5 4. d4 Nf6 5. Nf3 Bg4 6. dxc5 Qxc5 7. Na3 a6 8.
Be3 Qc7 9. Qa4+ Nbd7 10. O-O-O Rc8 11. Rd4 Bxf3 12. gxf3 e6 13. Rc4 Qb8 14. Bf4
Rxc4 15. Qxc4 e5 16. Bg5 Bxa3 17. bxa3 O-O 18. Qh4 Qc7 19. c4 Qd6 20. Kb2 Rc8
21. Rg1 Rc6 22. Be3 g6 23. Be2 Qc7 24. Ka1 b5 25. Rc1 Nd5 26. Rd1 Nc3 27. cxb5
axb5 28. Rd2 Nxe2 29. Kb2 Rc1 0-1

[Event "XLIV Festival A"]
[Site "Imperia ITA"]
[Date "2002.09.06"]
[Round "7"]
[White "Dvorak, Tomas"]
[Black "Riccio, Eros"]
[WhiteElo "2300"]
[BlackElo "2199"]
[Result "1-0"]
[PlyCount "57"]
[EventDate "2002.09.01"]

1. e4 Nf6 2. e5 Nd5 3. d4 d6 4. c4 Nb6 5. exd6 cxd6 6. Nc3 g6 7. Be3 Bg7 8. Rc1
O-O 9. b3 Nc6 10. d5 Ne5 11. Be2 f5 12. Nf3 Ng4 13. Bd4 Bh6 14. Rc2 e5 15. dxe6
Bxe6 16. O-O Nc8 17. Re1 Bf7 18. Nd5 Bxd5 19. cxd5 Nb6 20. Bb2 Re8 21. Nd4 Nxf2
22. Kxf2 Be3+ 23. Kf1 Qh4 24. Bf3 Qxh2 25. Ne6 f4 26. Rxe3 fxe3 27. Qd4 Re7 28.
Qh8+ Kf7 29. Ng5# 1-0

[Event "XLIV Festival A"]
[Site "Imperia ITA"]
[Date "2002.09.06"]
[Round "7"]
[White "Faraci, Antonino"]
[Black "Corso, Roberto"]
[WhiteElo "2087"]
[BlackElo "2023"]
[Result "1-0"]
[PlyCount "97"]
[EventDate "2002.09.01"]

1. c4 c5 2. Nc3 e6 3. e4 a6 4. Nf3 Qc7 5. d4 cxd4 6. Nxd4 d6 7. Be2 Nf6 8. O-O
Nbd7 9. Be3 Be7 10. Rc1 b6 11. b3 Bb7 12. f3 O-O 13. g4 Rac8 14. Qe1 Qb8 15. g5
Ne8 16. Qh4 Qa8 17. Bd3 Ne5 18. Bb1 Ng6 19. Qh5 Rc5 20. f4 Nf6 21. Qf3 Nd7 22.
Qg4 Rc7 23. h4 Nc5 24. h5 Nh8 25. f5 exf5 26. Nxf5 Bc8 27. Nd5 Qa7 28. Nxc7
Qxc7 29. Qg3 Bxf5 30. exf5 Rd8 31. f6 Bf8 32. g6 h6 33. fxg7 Bxg7 34. gxf7+
Nxf7 35. Qg6 d5 36. Rxf7 Qxf7 37. Qh7+ Kf8 38. Rf1 Bf6 39. Bxc5+ bxc5 40. Qxh6+
Ke7 41. Qe3+ Kd7 42. Bg6 Qg7 43. Qh3+ Kd6 44. cxd5 Bd4+ 45. Kh1 Kxd5 46. Rf7
Qh6 47. Qf1 Rd6 48. Qf3+ Ke5 49. Qf5# 1-0

[Event "XLIV Festival A"]
[Site "Imperia ITA"]
[Date "2002.09.06"]
[Round "7"]
[White "Massa, Giovanni"]
[Black "Antkowiak, Grzegorz"]
[WhiteElo "2096"]
[BlackElo "2238"]
[Result "1-0"]
[PlyCount "85"]
[EventDate "2002.09.01"]

1. e4 c5 2. Nf3 e6 3. d4 cxd4 4. Nxd4 Nf6 5. Nc3 d6 6. Be3 a6 7. f3 b5 8. Qd2
Bb7 9. O-O-O Nc6 10. g4 h6 11. h4 Nd7 12. Qg2 b4 13. Na4 Nxd4 14. Bxd4 Bc6 15.
b3 Bxa4 16. bxa4 Qa5 17. Bc4 Qxa4 18. Rhe1 Ne5 19. Bb3 Qb5 20. f4 Nc4 21. g5
hxg5 22. hxg5 a5 23. g6 a4 24. e5 Rc8 25. gxf7+ Kxf7 26. Bxc4 Qxc4 27. f5 b3
28. axb3 axb3 29. c3 dxe5 30. Bxe5 b2+ 31. Kb1 Kg8 32. Rd7 Rh7 33. Rg1 exf5 34.
Bxg7 Qe4+ 35. Qxe4 fxe4 36. Bf6+ Bg7 37. Rdxg7+ Rxg7 38. Rxg7+ Kf8 39. Kxb2 Re8
40. Kc2 e3 41. Kd1 Re6 42. Bd4 Rd6 43. Ra7 1-0

[Event "XLIV Festival A"]
[Site "Imperia ITA"]
[Date "2002.09.06"]
[Round "7"]
[White "Pauwels, Rudi"]
[Black "Del Dotto, Riccardo"]
[WhiteElo "2001"]
[BlackElo "2199"]
[Result "1/2-1/2"]
[PlyCount "31"]
[EventDate "2002.09.01"]

1. d4 d5 2. c4 c6 3. cxd5 cxd5 4. Bf4 Nc6 5. Nc3 Nf6 6. e3 Bf5 7. Qb3 Na5 8.
Qa4+ Bd7 9. Bb5 Nc6 10. Qd1 e6 11. a3 a6 12. Bd3 Rc8 13. Rc1 b5 14. b4 Be7 15.
h3 O-O 16. Nf3 1/2-1/2

[Event "XLIV Festival A"]
[Site "Imperia ITA"]
[Date "2002.09.06"]
[Round "7"]
[White "Pesout, Jan"]
[Black "Sulava, Nenad"]
[WhiteElo "2277"]
[BlackElo "2556"]
[Result "0-1"]
[PlyCount "94"]
[EventDate "2002.09.01"]

1. d4 e6 2. c4 b6 3. Nf3 Bb7 4. g3 Bb4+ 5. Bd2 Bxf3 6. exf3 Bxd2+ 7. Qxd2 Nf6
8. Bg2 c6 9. O-O d5 10. cxd5 cxd5 11. Nc3 Nc6 12. f4 O-O 13. Rfe1 g6 14. Bf1
Ne7 15. Ba6 Nf5 16. Rac1 h5 17. a3 h4 18. Nd1 Ne4 19. Qd3 Qf6 20. Nc3 hxg3 21.
hxg3 Nfd6 22. Nxe4 dxe4 23. Qe3 Qe7 24. a4 Rad8 25. Qa3 Qf6 26. Qb4 Rd7 27.
Rcd1 Qf5 28. Bf1 Qd5 29. b3 Rc8 30. Rc1 Rdc7 31. Rxc7 Rxc7 32. Bg2 Rc2 33. Re3
Rc1+ 34. Kh2 Qh5+ 35. Bh3 Qd1 36. Bg2 Qh5+ 37. Bh3 Qd1 38. Bg2 Qg1+ 39. Kh3 Nf5
40. Rc3 Rxc3 41. Qxc3 Qxf2 42. Bxe4 Nxd4 43. Bxg6 fxg6 44. Qc8+ Kh7 45. Qd7+
Kh6 46. Qd8 Qf1+ 47. Kg4 Qf3+ 0-1

[Event "XLIV Festival A"]
[Site "Imperia ITA"]
[Date "2002.09.06"]
[Round "7"]
[White "Pienabarca, Nicola"]
[Black "Cirabisi, Federico"]
[WhiteElo "2062"]
[BlackElo "2132"]
[Result "1-0"]
[PlyCount "86"]
[EventDate "2002.09.01"]

1. d4 d5 2. Nf3 e6 3. c4 c6 4. Nbd2 f5 5. g3 Bd6 6. Bg2 Nd7 7. Qc2 Ngf6 8. O-O
O-O 9. c5 Bc7 10. b4 Qe8 11. b5 Nb8 12. a4 cxb5 13. axb5 Qxb5 14. Ba3 Qe8 15.
c6 Nxc6 16. Bxf8 Qxf8 17. Rfb1 Rb8 18. e3 Bd7 19. Bf1 a6 20. Nb3 Ne4 21. Ne1
Bd6 22. Nd3 g5 23. f3 Nf6 24. Nbc5 f4 25. gxf4 gxf4 26. Qg2+ Kh8 27. Rxb7 Qh6
28. Rxb8+ Nxb8 29. Ne5 Be8 30. Nxa6 fxe3 31. Nxb8 Qf4 32. Nbc6 Bxe5 33. dxe5 e2
34. Bxe2 Bxc6 35. Ra6 Qc1+ 36. Qf1 Qc5+ 37. Qf2 Qc1+ 38. Bf1 Nh5 39. Qb6 Qg5+
40. Kh1 Be8 41. Qxe6 Ng7 42. Qxd5 Qc1 43. Qd3 Ne6 1-0

[Event "XLIV Festival A"]
[Site "Imperia ITA"]
[Date "2002.09.07"]
[Round "8"]
[White "Antkowiak, Grzegorz"]
[Black "Bizat, Michel"]
[WhiteElo "2238"]
[BlackElo "2111"]
[Result "1/2-1/2"]
[PlyCount "39"]
[EventDate "2002.09.01"]

1. e4 c5 2. Nf3 d6 3. d4 cxd4 4. Nxd4 Nf6 5. Nc3 g6 6. f3 Bg7 7. Be3 Nc6 8. Qd2
O-O 9. O-O-O d5 10. Nxc6 bxc6 11. exd5 cxd5 12. Nxd5 Nxd5 13. Qxd5 Qc7 14. Qc5
Qb8 15. Qa3 Be6 16. Ba6 Qe5 17. Rd2 Rfd8 18. Rhd1 Rxd2 19. Rxd2 Rb8 20. g4
1/2-1/2

[Event "XLIV Festival A"]
[Site "Imperia ITA"]
[Date "2002.09.07"]
[Round "8"]
[White "Arata, Roberto Mario"]
[Black "Svacina, Petr"]
[WhiteElo "2145"]
[BlackElo "2029"]
[Result "1-0"]
[PlyCount "39"]
[EventDate "2002.09.01"]

1. d4 Nf6 2. c4 d6 3. Nc3 e5 4. dxe5 dxe5 5. Qxd8+ Kxd8 6. Bg5 c6 7. Nf3 Nbd7
8. e3 Kc7 9. Bd3 Bb4 10. O-O Bxc3 11. bxc3 e4 12. Bf4+ Kb6 13. Rab1+ Ka5 14.
Rb3 exd3 15. Bc7+ Ka4 16. Rb4+ Ka3 17. Bd6 c5 18. Rb3+ Ka4 19. Nd2 Re8 20. Nb1
1-0

[Event "XLIV Festival A"]
[Site "Imperia ITA"]
[Date "2002.09.07"]
[Round "8"]
[White "Astengo, Marcello"]
[Black "Del Dotto, Riccardo"]
[WhiteElo "2124"]
[BlackElo "2199"]
[Result "0-1"]
[PlyCount "78"]
[EventDate "2002.09.01"]

1. d4 d5 2. Nf3 c6 3. Bf4 Qb6 4. Qc1 Bg4 5. Ne5 Bf5 6. e3 f6 7. Nd3 e6 8. Be2
Nd7 9. O-O g5 10. Bh5+ Bg6 11. Bxg6+ hxg6 12. Bg3 c5 13. c3 Bd6 14. Nd2 Ne7 15.
Qc2 c4 16. Nc1 f5 17. Ne2 Qc7 18. Nf3 g4 19. Ng5 Bxg3 20. hxg3 Qd6 21. Nf4 Nf8
22. f3 gxf3 23. gxf3 Nc6 24. e4 dxe4 25. fxe4 Qe7 26. Nfh3 Rh5 27. Qd2 Nh7 28.
Nxh7 Rxh3 29. d5 Qxh7 30. Qg2 Ne5 31. exf5 O-O-O 32. fxe6 Rh8 33. Rae1 Rh1+ 34.
Kf2 Rh2 35. Rxe5 Rxg2+ 36. Kxg2 Qh3+ 37. Kf2 Rf8+ 38. Ke3 Qxf1 39. e7 Qd3# 0-1

[Event "XLIV Festival A"]
[Site "Imperia ITA"]
[Date "2002.09.07"]
[Round "8"]
[White "Blasco, Domenico"]
[Black "Barlocco, Carlo"]
[WhiteElo "2056"]
[BlackElo "2136"]
[Result "0-1"]
[PlyCount "80"]
[EventDate "2002.09.01"]

1. d4 d5 2. e3 Bf5 3. c4 c6 4. cxd5 cxd5 5. Qb3 Qc7 6. Nc3 e6 7. Nf3 Nf6 8.
Bb5+ Nc6 9. Ne5 Bd6 10. Qa4 Bxe5 11. dxe5 Nd7 12. f4 O-O 13. O-O Rac8 14. Bd2
Rfd8 15. Rac1 Qb6 16. Ne2 Nc5 17. Rxc5 Qxc5 18. Rc1 Qb6 19. Bxc6 Rxc6 20. Rxc6
bxc6 21. b4 Qb5 22. Qxb5 cxb5 23. Nd4 a6 24. Nb3 Rc8 25. Nc5 a5 26. a3 axb4 27.
Bxb4 f6 28. Kf2 Kf7 29. Kf3 fxe5 30. fxe5 g5 31. g4 Be4+ 32. Kg3 Re8 33. Nb7
Kg6 34. Nc5 h5 35. gxh5+ Kxh5 36. Nd7 Kg6 37. Nf8+ Kf5 38. Nd7 Rc8 39. Nc5 g4
40. Kh4 Rh8+ 0-1

[Event "XLIV Festival A"]
[Site "Imperia ITA"]
[Date "2002.09.07"]
[Round "8"]
[White "Corso, Roberto"]
[Black "Mazzariol, Oscar"]
[WhiteElo "2023"]
[BlackElo "2151"]
[Result "1/2-1/2"]
[PlyCount "61"]
[EventDate "2002.09.01"]

1. d4 Nf6 2. c4 e6 3. Nc3 Bb4 4. Bg5 h6 5. Bh4 c5 6. d5 d6 7. e3 Bxc3+ 8. bxc3
e5 9. Bd3 Nbd7 10. f3 b6 11. Ne2 Nf8 12. Qc2 Qe7 13. a4 a5 14. Rb1 Rb8 15. Rb2
Ba6 16. Nc1 N8d7 17. Nb3 g5 18. Bg3 h5 19. Qb1 Ra8 20. Nd2 h4 21. Bf2 Kd8 22.
h3 Kc7 23. Be2 Rab8 24. e4 Nh5 25. Nf1 Nf4 26. Ne3 Nf8 27. O-O N8g6 28. Qc2 Qd7
29. Ra1 Rb7 30. Bf1 Kb8 31. Qd1 1/2-1/2